Argentina : tomo 2 /

Guardado en:
Formato: Libro
Publicado: Buenos Aires : Abril, 1967
Materias:
Etiquetas: Agregar Etiqueta
Sin Etiquetas, Sea el primero en etiquetar este registro!
LEADER 00420nam a22001575a 4500
001 CEM.cems007678
005 20060214000000.0
008 130507s1967##################000#0#####d
003 CEMS
082 0 4 |a 918.2 
245 0 0 |a Argentina :  |b tomo 2 / 
260 |a Buenos Aires :  |b Abril,  |c 1967 
300 |a 640 p. 
653 |a Geografia 
653 |a Geografia argentina 
859 |a CEMS  |b BIB. CEMS - 11 de abril  |h 918.2  |i Ar37/II  |p 11004.82  |t Ej.1